=LDR 00000nam 2200000 4500 =001 INLIS000000000046669 =005 20150420101713.0 =006 =007 =008 =035 ##$$0010-041500000000151 =082 ##$$a 297.124 =090 ##$$a s97.124 war o =100 ##$$a warno hamid =245 ##$$a orang-orang alim dalam lintasan cerita =260 ##$$a insan cendekia =850 ##$$a NPBMAT =990 ##$$a 0001/BPAP-NTB/20142015 =990 ##$$a 05590559